Contemporary auditing (Record no. 166170)

MARC details
000 -LEADER
fixed length control field 00353nam a2200145Ia 4500
008 - FIXED-LENGTH DATA ELEMENTS--GENERAL INFORMATION
fixed length control field 230917s9999||||xx |||||||||||||| ||und||
040 ## - CATALOGING SOURCE
-- 64604
Original cataloging agency VIVEKANANDA LIBRARY
041 ## - Language
-- English
082 ## - DDC NUMBER
Classification number 657.45 G959C
100 ## - MAIN ENTRY--PERSONAL NAME
Personal name Gupta, Kamal
245 #0 - TITLE STATEMENT
Title Contemporary auditing
260 ## - PUBLICATION, DISTRIBUTION, ETC. (IMPRINT)
Place of publication, distribution, etc New Delhi
Name of publisher, distributor, etc Tata McGraw-Hill
Date of publication, distribution, etc 1976
300 ## - PHYSICAL DESCRIPTION
Pages x, 578 p.
942 ## - ADDED ENTRY ELEMENTS (KOHA)
Koha item type Books
Holdings
Withdrawn status Lost status Source of classification or shelving scheme Damaged status Not for loan Location (home branch) Sublocation or collection (holding branch) Date acquired Koha issues (times borrowed) Koha full call number Accession No. Koha date last seen Koha item type
Withdrawn   Dewey Decimal Classification Damaged   VIVEKANANDA LIBRARY VIVEKANANDA LIBRARY 10/01/2003   657.45 G959C 30828 17/09/2023 Books
© Designed and Maintained by Vivekananda Library, MDU Rohtak